000
00254nam a22001097a 4500
003
OSt
008
140425b xxu||||| |||| 00| 0 eng d
041
_a
eng
245
1
0
_a
Japanese Postage Stamp Catalog
260
_a
Japan
_b
Japan Stamp Dealers
300
_a
0 pages
999
_c
586
_d
586